Online Catalogue and eLibrary

Sociology of "Developing Societies": (Record no. 1208)

MARC details
000 -LEADER
fixed length control field 00545nam a2200217Ia 4500
005 - DATE AND TIME OF LATEST TRANSACTION
control field 20250324064306.0
008 - FIXED-LENGTH DATA ELEMENTS--GENERAL INFORMATION
fixed length control field 240331s9999 xx 000 0 und d
020 ## - INTERNATIONAL STANDARD BOOK NUMBER
ISBN 0333275586
082 ## - DDC Classification
Class No. 303
Item Number - Author Mark SOC
DDC Edition Number 1091
245 #0 - TITLE STATEMENT
Title Sociology of "Developing Societies":
Remainder of title South Asia
260 ## - PUBLICATION, DISTRIBUTION, ETC.
Place of publication, distribution, etc. London,
Name of publisher, distributor, etc. Macmillan Education Ltd1989
300 ## - PHYSICAL DESCRIPTION
Extent (e.g. Volumes, Pages etc.) xv, 324 p.,
650 ## - SUBJECT ADDED ENTRY--TOPICAL TERM
Topical term or geographic name entry element Society
650 ## - SUBJECT ADDED ENTRY--TOPICAL TERM
Topical term or geographic name entry element Colonial
650 ## - SUBJECT ADDED ENTRY--TOPICAL TERM
Topical term or geographic name entry element Politics
650 ## - SUBJECT ADDED ENTRY--TOPICAL TERM
Topical term or geographic name entry element Economy
650 ## - SUBJECT ADDED ENTRY--TOPICAL TERM
Topical term or geographic name entry element Regionalism
700 ## - ADDED ENTRY--PERSONAL NAME
Personal name Alavi, H
Relator term (Role) Editor
700 ## - ADDED ENTRY--PERSONAL NAME
Personal name Harriss, J
Relator term (Role) Editor
942 ## - Koha item type (Biblio)
Koha item type Books in Stacks (Lending)
Holdings
Lost status Damaged status Collection code Home library Current library Shelving location Date acquired Full call number Accession Number Item type
    Lending WERC Library WERC Library Social Science Cupboard 03/31/2024 303 SOC 1091 Books in Stacks (Lending)

© WERC Library